000
00282nam a22001217a 4500
008
160425b xxu||||| |||| 00| 0 eng d
020
_a
9780803618565
020
_a
100803618565
041
_a
eng
080
_a
618.2
245
_a
Nursing now :
_c
Joseph T. Catalano;
942
_2
udc
_c
BK
999
_c
1564
_d
1564